ბათუმის შოთა რუსთაველის სახელმწიფო უნივერსიტეტის ბიბლიოთეკა

ზოგადი ელექტროტექნიკა : (ბიბ.ჩანაწერი № 40200)

000 -ლიდერი
ფიქსირებული სიგრძის საკონტროლო ველი 01012nam a2200229Ia 4500
001 - საკონტროლო ნომერი
საკონტროლო ველი 6807
003 - საკონტროლო ნომრის იდენტიფიკატორი
საკონტროლო ველი GE_BSU
005 - ბოლო ოპერაციის თარიღი და დრო
საკონტროლო ველი 20190620153037.0
008 - ფიქსირებული სიგრძის მონაცემთა ელემენტები - ზოგადი ინფორმაცია
ფიქსირებული სიგრძის საკონტროლო ველი 181216s1978||||ge |||||||||||||| ||geo||
040 ## - კატალოგიზაციის წყარო
Transcribing agency GE_BSU
041 ## - ენის კოდი
Language code of text/sound track or separate title geo
080 ## - უნივერსალური ათობითი კლასიფიკაციის ინდექსი
Universal Decimal Classification number 621.3(075.8) მ-93
100 ## - მთავარი ჩანაწერი - პიროვნების სახელი
Personal name მუჩნიკი, ა.
9 (RLIN) 2666
245 ## - ცნობა სათაურის შესახებ
Title ზოგადი ელექტროტექნიკა :
Remainder of title სახელმძღვ. /
Statement of responsibility, etc ა. მუჩნიკი, კ. პარფენოვი ; რედ. ა. კოტია
250 ## - გამოცემის ცნობა
Edition statement თარგმ. მესამე გადამ. და შევსებ. გამ-დან
264 ## - წარმოების, გამოცემის, დისტრიბუციის და სხვა ცნობები
გამოცემის, წარმოების, დისტრიბუციის... ადგილი თბილისი :
გამოცემის, წარმოების, დისტრიბუციის... სახელწოდება განათლება,
გამოცემის, წარმოების, დისტრიბუციის... თარიღი 1978.
300 ## - ფიზიკური აღწერა
Extent 478 გვ. :
Other physical details ილ. ;
Dimensions 22 სმ.
653 ## - INDEX TERM--UNCONTROLLED
Uncontrolled term ზოგადი ელექტროტექნიკა
700 ## - ADDED ENTRY--PERSONAL NAME
Personal name პარფენოვი, კ.
Relator term ავტორი
9 (RLIN) 2667
700 ## - ADDED ENTRY--PERSONAL NAME
Personal name კოტია, ა.
Relator term რედაქტორი
9 (RLIN) 2668
942 ## - ADDED ENTRY ELEMENTS (KOHA)
Koha item type წიგნი
Source of classification or shelving scheme
ეგზემპლარები
ჩამოწერის სტატუსი დაკარგული ეგზემპლარის სტატუსი კლასიფიკაციის წყარო ან თაროზე გაწყობის სქემა დაზიანების სტატუსი არ გაიცემა მუდმივი მდებარეობა (დაცვის ადგილი) ამჟამინდელი ადგილსამყოფელი თაროზე განთავსების ადგილი შეძენის თარიღი ღირებულება, შესყიდვის ნორმალური ფასი სრული შენახვის შიფრი შტრიხკოდი ბოლო ოპერაციის თარიღი ეგზემპლარის მიმდევრობითი ნომერი (კეტერი?) ფასის ძალაში შესვლის თარიღი ეგზემპლარის სახეობა საჯარო შენიშვნა
          ტექნოლოგიური ფაკულტეტის ბიბლიოთეკა ტექნოლოგიური ფაკულტეტის ბიბლიოთეკა წიგნსაცავი 2018-12-17 2.20 621.3(075.8) მ-93 10699 2018-12-17 10699 2018-12-17 წიგნი 2.20 ლ.
          ტექნოლოგიური ფაკულტეტის ბიბლიოთეკა ტექნოლოგიური ფაკულტეტის ბიბლიოთეკა წიგნსაცავი 2018-12-17 2.20 621.3(075.8) მ-93 10700 2018-12-17 10700 2018-12-17 წიგნი 2.20 ლ.
          ტექნოლოგიური ფაკულტეტის ბიბლიოთეკა ტექნოლოგიური ფაკულტეტის ბიბლიოთეკა წიგნსაცავი 2018-12-17 2.20 621.3(075.8) მ-93 10701 2018-12-17 10701 2018-12-17 წიგნი 2.20 ლ.
          ტექნოლოგიური ფაკულტეტის ბიბლიოთეკა ტექნოლოგიური ფაკულტეტის ბიბლიოთეკა წიგნსაცავი 2018-12-17 2.20 621.3(075.8) მ-93 10702 2018-12-17 10702 2018-12-17 წიგნი 2.20 ლ.
          ტექნოლოგიური ფაკულტეტის ბიბლიოთეკა ტექნოლოგიური ფაკულტეტის ბიბლიოთეკა წიგნსაცავი 2018-12-17 2.20 621.3(075.8) მ-93 10703 2018-12-17 10703 2018-12-17 წიგნი 2.20 ლ.
          ტექნოლოგიური ფაკულტეტის ბიბლიოთეკა ტექნოლოგიური ფაკულტეტის ბიბლიოთეკა წიგნსაცავი 2019-06-20 2.20 621.3(075.8) მ-93 12389 2019-06-20 12389 2019-06-20 წიგნი 2.20 ლ.
          ტექნოლოგიური ფაკულტეტის ბიბლიოთეკა ტექნოლოგიური ფაკულტეტის ბიბლიოთეკა წიგნსაცავი 2019-06-20 2.20 621.3(075.8) მ-93 12390 2019-06-20 12390 2019-06-20 წიგნი 2.20 ლ.
          ტექნოლოგიური ფაკულტეტის ბიბლიოთეკა ტექნოლოგიური ფაკულტეტის ბიბლიოთეკა წიგნსაცავი 2019-06-20 2.20 621.3(075.8) მ-93 12391 2019-06-20 12391 2019-06-20 წიგნი 2.20 ლ.